000 00274nam a2200097Ia 4500
001 648510
005 20250826153723.0
008 250824s9999 xx 000 0 und d
245 0 _aMACERA VAGONU/ ŞİMENDİFER ÇOCUKLARI / SERT KAPAK
_cESRA KİREÇCİ
260 _bGENÇ TİMAŞ
999 _c648510
_d648510